| 000 | 00579nam a2200229Ia 4500 | ||
|---|---|---|---|
| 005 | 20241129120310.0 | ||
| 008 | 241129s9999||||xx |||||||||||||| ||und|| | ||
| 020 | _a9788119014323 | ||
| 037 | _aTB | ||
| 040 |
_aSDCL _beng _cSDCL |
||
| 041 |
_ahin _2hin |
||
| 084 |
_aO152,3N50x R3 _qSDCL |
||
| 100 | _aValmiki Om Prakash | ||
| 245 | 0 | _aChhatari | |
| 250 | _a3rd | ||
| 260 |
_aDelhi _bBhartiy gyanpeeth Prakashan India _c2023 |
||
| 300 | _a130p | ||
| 365 |
_aINR _b295 |
||
| 650 | _aHindi | ||
| 942 |
_cTB _hO152,3N50x R3 |
||
| 999 |
_c1234217 _d1234217 |
||